banner-ar

اسواق ام درمان : (Record no. 60030)

MARC details
000 -الفاتح
حقل البيانات ثابتة الطول 01337nam a2200289 4500
005 - وقت وتاريخ اخر تعامل مع التسجيلة
رقم الضبط 20240530110349.0
008 - عناصر البيانات ثابتة الطول - معلومات عامة
حقل البيانات ثابتة الطول 141215s2006 ua g b 000 0dara d
017 ## - رقم الايداع القانونى
رقم الايداع القانونى 7501/2006
المصدر ( الهيئة المختصة) مصر . دار الكتب المصرية
020 ## - الرقم الدولى المعيارى للكتب
الرقم الدولى المعيارى للكتاب 977258235
040 ## - مصدر الفهرسة
وكالة الفهرسة الأصلية EG-CaGPL
041 0# - رمز اللغة
رمز لغة النص/ المسارات الصوتية أو العنوان الانفرادي ara
082 04 - رقم تصنيف ديوى العشرى
رقم الطبعة 21
رقم التصنيف 962.63\
رقم المادة ع أ
100 0# - المدخل الرئيسى - إسم شخصى
الإسم الشخصى عبدالقادر احمد عثمان على
245 10 - بيان العنوان
العنوان اسواق ام درمان :
بقية العنوان واثارها على الحياة الاقتصادية والاجتماعية 1302 - 1376 هـ : 1885 - 1956 م /
بيان المسئوليه,etc تاليف عبدالقادر احمد عثمان على
250 ## - بيان الطبعة
بيان الطبعة ط1
260 ## - PUBLICATION, DISTRIBUTION, ETC. (IMPRINT)
تاريخ النشر أو التوزيع 2006
300 ## - الوصف المادى
التعداد 210 ص ؛
أبعاد الوعاء 24 سم
490 1# - بيان السلسلة
عنوان السلسلة جامعة الزعيم الازهرى : مركز البحوث والدراسات السودانية : سلسلة بحوث ودراسات ؛
رقم المجلد/ التعيين التسلسلي 7
504 ## - تبصرة ببليوجرافية
تبصرة ببليوجرافية,الخ ببليوجرافية : ص 193 - 207
650 04 - المدخل الاضافى بالموضوع-مصطلح موضوعى
مصطلح موضوعي اسواق العرب
التقسيم الفرعي العام تاريخ
650 04 - المدخل الاضافى بالموضوع-مصطلح موضوعى
مصطلح موضوعي سوق ام درمان ( السودان )
650 04 - المدخل الاضافى بالموضوع-مصطلح موضوعى
مصطلح موضوعي سوق ام درمان ( السودان )
التقسيم الفرعي العام تنظيم وادارة
650 04 - المدخل الاضافى بالموضوع-مصطلح موضوعى
مصطلح موضوعي الاسواق فى الدين والفلكلور
651 04 - المدخل الاضافى بالموضوع - اسم جغرافى
الاسم الجغرافي السودان
التقسيم الفرعي العام اسواق
942 ## - عناصر المدخل الإضافي( كوها)
مصدر التصنيف او مخطط الترفيف Dewey Decimal Classification
Koha [default] item type كتاب
260 ## - PUBLICATION, DISTRIBUTION, ETC. (IMPRINT)
-- القاهرة :
-- الدار العربية للنشر والتوزيع ،
Holdings
حالة التراجع حالة الفقد حالة تلف ليس للاعارة المكان المؤقت الموقع الحالى تاريخ الاكتساب اجمالي اﻻعارات رقم الطلب الباركود تاريخ اخر مشاهدة تاريخ تفعيل السعر نوع وعاء كوها
        مكتبة القاهرة الكبرى مكتبة القاهرة الكبرى 12/15/2014   962.63\ ع أ 159010 12/15/2014 12/15/2014 كتاب

Powered By

EGPV